Statistics for Germanic Languages

Click here to take the quiz!

General Stats

  • This quiz has been taken 1,039 times
    (1,017 since last reset)
  • The average score is 8 of 11

Answer Stats

Language% Correct
German
98%
Dutch
95%
English
95%
Swedish
94%
Danish
92%
Norwegian
91%
Icelandic
77%
Afrikaans
54%
Luxembourgish
48%
Frisian
47%
Faroese
38%

Score Distribution

Percentile by Number Answered

Percent of People with Each Score

Your Score History

You have not taken this quiz since the last reset